Zásady a formy riadenia základných prevádzkových jednotiek prostredníctvom hospodárskych stredísk v systéme spotrebných družstiev na Slovensku záverečná práca postgraduálneho štúdia

Enregistré dans:
Détails bibliographiques
Auteur principal: Drusa, Marcel
Collectivité auteur: Vysoká škola ekonomická v Bratislave
Autres auteurs: Kita, Jaroslav
Format: Livre
Langue:slovaque
Publié: Bratislava 1989
Tags: Ajouter un tag
Pas de tags, Soyez le premier à ajouter un tag!

MARC

LEADER 00000nam a2200000 4500
001 c040444
005 20260108100213.6
041 0 |a slo 
044 |a SK 
245 1 0 |a Zásady a formy riadenia základných prevádzkových jednotiek prostredníctvom hospodárskych stredísk v systéme spotrebných družstiev na Slovensku  |b záverečná práca postgraduálneho štúdia  |c Marcel Drusa ; Ved. práce J. Kita 
264 1 |a Bratislava  |c 1989 
300 |a 46 s. 
100 1 |a Drusa, Marcel 
700 1 |a Kita, Jaroslav 
710 2 |a Vysoká škola ekonomická v Bratislave